[Event "Belgrade"]
[Site "Belgrade"]
[Date "1992.??.??"]
[Round "5"]
[White "Bojkovic, Natasa"]
[Black "Cramling, Pia"]
[Result "1/2-1/2"]
[WhiteElo "2330"]
[BlackElo "2530"]

1.e4 c5 2.Nf3 e6 3.d4 cxd4 4.Nxd4 Nc6 5.Nc3 Qc7 6.Be2 a6 7.O-O Nf6 8.Kh1 Nxd4
9.Qxd4 Bc5 10.Qd3 h5 11.f4 Ng4 12.e5 d6 13.Ne4 d5 14.Nxc5 Qxc5 15.Bxg4 hxg4
16.Be3 Qe7 17.g3 Bd7 18.Rf2 d4 19.Bxd4 O-O-O 20.Kg1 Bc6 21.Rd1 f5 22.Rdd2 Rh3
23.Qc3 Qc7 24.Qc4 Rd5 25.Bc3 b5 26.Qb4 Qd8 27.Qa5 Qxa5 28.Bxa5 Rh8 29.b3 Kb7
30.Rxd5 Bxd5 31.Kf1 g6 32.Ke2 Rc8 33.Ke3 Be4 34.c3 Rc5 35.Rd2 Rd5 36.Rb2 Kc6
37.Bb4 Rd1 38.c4 Rb1 39.Rxb1 Bxb1 40.a4 bxa4 41.bxa4 Bc2 42.a5 Bb3 43.Kd4 Bd1  1/2-1/2

[Event "Belgrade"]
[Site "Belgrade"]
[Date "1992.??.??"]
[Round "9"]
[White "Ioseliani, Nana"]
[Black "Maric, Alisa"]
[Result "0-1"]
[WhiteElo "2445"]
[BlackElo "2400"]

1.e4 c5 2.Nf3 e6 3.d4 cxd4 4.Nxd4 Nc6 5.Nc3 Qc7 6.g3 d6 7.Bg2 Nxd4 8.Qxd4 Bd7
9.O-O Nf6 10.h3 Be7 11.g4 h6 12.Be3 O-O 13.f4 e5 14.Qd2 Bc6 15.Rad1 exf4
16.Bxf4 Nd7 17.Bxd6 Bxd6 18.Qxd6 Qb6+ 19.Kh1 Qxb2 20.Nd5 Bxd5 21.exd5 Nb6
22.Qf4 Qxc2 23.Rd2 Qc3 24.d6 Rad8 25.Rfd1 Rd7 26.Be4 g6 27.Qxh6 Re8 28.Rd3 Qe5
29.Bg2 Nc4 30.Bd5 Nb2 31.Qxg6+ Qg7 32.Qf5 Nxd1 33.Qxd7 Re1+ 34.Kh2 Qe5+ 35.Kg2 Qe2+  0-1

[Event "Belgrade"]
[Site "Belgrade"]
[Date "1992.??.??"]
[Round "10"]
[White "Vuksanovic, Sanja"]
[Black "Arakhamia, Ketevan"]
[Result "1/2-1/2"]
[WhiteElo "2270"]
[BlackElo "2445"]

1.e4 c5 2.Nf3 Nc6 3.d4 cxd4 4.Nxd4 e6 5.Nc3 d6 6.g3 Nf6 7.Bg2 Bd7 8.O-O a6
9.a4 Be7 10.Be3 O-O 11.Nxc6 Bxc6 12.a5 Rc8 13.Re1 Qc7 14.Re2 Nd7 15.Rd2 b5
16.axb6 Nxb6 17.b3 Bb7 18.Na4 Nd7 19.c4 f5 20.c5 Qc6 21.cxd6 Bf6 22.Raa2 fxe4
23.Rac2 Qb5 24.Rxc8 Rxc8 25.Rc2 Rxc2 26.Qxc2 Qd5 27.Nc5 Nxc5 28.Bxc5 Kf7
29.b4 Bc6 30.d7 Qxd7 31.Bxe4 Bxe4 32.Qxe4 Qd1+ 33.Kg2 Qd5 34.Kf3 Bc3 35.h3 Ke8
36.Qxd5 exd5 37.Ke3 Kd7 38.Kd3 Bf6 39.Bd4 Be7 40.Bxg7 Bxb4 41.f4 Bd6 42.Bc3 h5
43.Bd2 Ke6 44.g4 hxg4 45.hxg4  1/2-1/2

[Event "Berliner Sommer"]
[Site "Berlin"]
[Date "1992.??.??"]
[Round "?"]
[White "Fusthy, Zsolt"]
[Black "Sideif Sade, Fikret I"]
[Result "1-0"]
[WhiteElo "2305"]
[BlackElo "2440"]

1.e4 c5 2.Nf3 e6 3.d4 cxd4 4.Nxd4 Nc6 5.Nc3 Qc7 6.Be3 a6 7.Nxc6 bxc6 8.Bd3 Nf6
9.O-O e5 10.Na4 Rb8 11.c4 d6 12.f3 Be7 13.Qd2 O-O 14.Rae1 Qb7 15.b3 Re8 16.Kh1 h6
17.c5 d5 18.Bxh6 gxh6 19.Qxh6 Bd8 20.Qg5+ Kf8 21.Qh6+ Ke7 22.f4 Be6 23.exd5 cxd5
24.fxe5 Ng8 25.Rxf7+ Kxf7 26.Bg6+  1-0

[Event "Berliner Sommer"]
[Site "Berlin"]
[Date "1992.??.??"]
[Round "?"]
[White "Votava, Jan"]
[Black "Sokolov, Alexander"]
[Result "0-1"]
[WhiteElo "2435"]
[BlackElo "2440"]

1.e4 c5 2.Nf3 e6 3.d4 cxd4 4.Nxd4 Nc6 5.Nc3 d6 6.Be3 Nf6 7.Bc4 a6 8.Bb3 Na5
9.f4 Qc7 10.Qf3 b5 11.f5 e5 12.Nde2 Bb7 13.Bg5 Nxb3 14.cxb3 b4 15.Nd5 Nxd5
16.exd5 f6 17.Be3 Qf7 18.O-O-O Be7 19.Qe4 a5 20.g4 O-O 21.h4 a4 22.bxa4 Rxa4
23.a3 Qe8 24.b3 Rxa3 25.Qxb4 Qa8 26.Nc3 Bxd5 27.Nxd5 Rc8+ 28.Nc3 d5 29.Qxe7 Rxc3+
30.Kd2 d4 31.Rh3 Ra2+ 32.Ke1 Rxe3+  0-1

[Event "Bern Training"]
[Site "Bern"]
[Date "1992.??.??"]
[Round "4"]
[White "Gavrikov, Viktor"]
[Black "Franzoni, Giancarlo"]
[Result "0-1"]
[WhiteElo "2560"]
[BlackElo "2440"]

1.e4 c5 2.Nf3 e6 3.d4 cxd4 4.Nxd4 Nc6 5.Nc3 Qc7 6.g3 a6 7.Bg2 Nf6 8.O-O Nxd4
9.Qxd4 Bc5 10.Bf4 d6 11.Qd2 h6 12.Rad1 e5 13.Be3 Ke7 14.f4 Be6 15.fxe5 dxe5
16.Nd5+ Bxd5 17.exd5 Rhd8 18.Kh1 Rac8 19.Bxc5+ Qxc5 20.c4 Qd6 21.Qe2 Kf8
22.Rfe1 Re8 23.b3 Rc7 24.Rc1 b6 25.Qb2 a5 26.a3 e4 27.Qd4 Qxa3 28.Qxb6 Nxd5
29.Qb5 Nf6 30.Ra1 Qb4 31.Qxa5 Qxa5 32.Rxa5 Rb7 33.Ra3 Reb8 34.Re3 Ng4 35.Re2 f5
36.Bh3 h5 37.Bxg4 hxg4 38.Rb2 Ke7 39.Kg2 Kd6 40.Ra6+ Kc5 41.Rf2 Rxb3 42.Rxf5+ Kxc4
43.Rf2 Rb2 44.Ra2 Rxa2 45.Rxa2 e3 46.Kf1 Rf8+ 47.Ke1 Kd3 48.Ra7 g5 49.Ra5 Rh8
50.Rd5+ Ke4 51.Rxg5 Rxh2 52.Rxg4+ Kd3 53.Rh4  0-1

[Event "Bern op"]
[Site "Bern"]
[Date "1992.??.??"]
[Round "4"]
[White "Arakhamia, Ketevan"]
[Black "Cramling, Pia"]
[Result "0-1"]
[WhiteElo "2445"]
[BlackElo "2530"]

1.e4 c5 2.Nf3 e6 3.d4 cxd4 4.Nxd4 Nc6 5.Nc3 Qc7 6.Be2 a6 7.Be3 b5 8.O-O Bb7
9.a3 Nf6 10.f4 Nxd4 11.Qxd4 h5 12.h3 h4 13.Rad1 Rc8 14.Bf3 Be7 15.Rf2 d6
16.Qd2 O-O 17.Qe1 Nd7 18.Rfd2 Nb6 19.b3 Nd7 20.Ne2 Nf6 21.Nd4 Nxe4 22.Bxe4 Bxe4
23.Bf2 d5 24.Bxh4 Bd6 25.f5 exf5 26.Qf1 Bf4 27.Re2 g6 28.Be1 Rfe8 29.Bd2 Be5
30.Nf3 Bg7 31.Bg5 Qc5+ 32.Be3 Qxa3 33.Ng5 Bxc2 34.Rxd5 Qxb3  0-1

[Event "Bern op"]
[Site "Bern"]
[Date "1992.??.??"]
[Round "5"]
[White "Grosar, Kiti"]
[Black "Arakhamia, Ketevan"]
[Result "0-1"]
[WhiteElo "2080"]
[BlackElo "2445"]

1.e4 c5 2.Nf3 e6 3.d4 cxd4 4.Nxd4 Nc6 5.Nc3 d6 6.Be2 Nf6 7.O-O Be7 8.Be3 O-O
9.f4 Qc7 10.Qe1 a6 11.a4 e5 12.Nxc6 bxc6 13.fxe5 dxe5 14.Qg3 Kh8 15.a5 Be6
16.Bd3 c5 17.b3 c4 18.Bb6 Bc5+ 19.Kh1 Bxb6 20.axb6 Qxb6 21.bxc4 Qd4 22.Ra3 Rfc8
23.Nd5 Nd7 24.h3 a5 25.Rfa1 Nc5 26.Qe3 Qxe3 27.Nxe3 a4 28.Nd5 Ra6 29.Rb1 g6
30.g4 Kg7 31.Kg2 h6 32.Rb5 Kf8 33.Kf3 Bd7 34.Rb4 Bc6 35.h4 Ne6 36.c3 Nc5
37.Bc2 Rd8 38.Ke3 Bd7 39.Nf6 Rxf6  0-1

[Event "Bern Training"]
[Site "Bern"]
[Date "1992.??.??"]
[Round "6"]
[White "Campora, Daniel H"]
[Black "Franzoni, Giancarlo"]
[Result "1/2-1/2"]
[WhiteElo "2550"]
[BlackElo "2440"]

1.e4 c5 2.Nf3 e6 3.d4 cxd4 4.Nxd4 Nc6 5.Nc3 Qc7 6.g3 a6 7.Bg2 Nf6 8.O-O Nxd4
9.Qxd4 Bc5 10.Bf4 d6 11.Qd2 h6 12.Rad1 e5 13.Be3 Ke7 14.f4 Be6 15.fxe5 dxe5
16.Nd5+ Bxd5 17.exd5 Rhd8 18.Kh1 Rac8 19.c4 Qd6 20.Rc1 b5 21.cxb5 axb5 22.Bxc5 Rxc5
23.Rxc5 Qxc5 24.Re1 Nd7 25.Rc1 Qd4 26.Qe2 b4 27.Rc4 Qa7 28.b3 Rb8 29.Qd2 Qb6
30.g4 Nf6 31.g5 hxg5 32.Qxg5 Kf8 33.Qd2 Kg8 34.h3 Qd6 35.Qc2 Rd8 36.Rc6 Qd7
37.Rc7 Qd6 38.Rc6 Qd7 39.Rc7 Qd6 40.Rc6 Qd7  1/2-1/2

[Event "Biel op"]
[Site "Biel"]
[Date "1992.??.??"]
[Round "6"]
[White "Apicella, Manuel"]
[Black "Maric, Alisa"]
[Result "1-0"]
[WhiteElo "2450"]
[BlackElo "2390"]

1.e4 c5 2.Nf3 e6 3.d4 cxd4 4.Nxd4 Nc6 5.Nc3 Qc7 6.Be2 a6 7.O-O Nf6 8.Be3 Be7
9.f4 d6 10.Kh1 O-O 11.Qe1 Nxd4 12.Bxd4 b5 13.a3 Bb7 14.Qg3 Rae8 15.Bd3 e5
16.fxe5 Nh5 17.Qe3 dxe5 18.Bxe5 Qxe5 19.Rf5 Qe6 20.Rxh5 Bf6 21.e5 Qg4 22.Qh3 Bxg2+
23.Qxg2 Qxh5 24.exf6 g6 25.Nd5 Re5 26.Ne7+ Kh8 27.Rf1 Qh4 28.Qg3 Qxg3 29.hxg3 Rd8
30.Rf2 Rd6 31.a4 Rg5 32.Kg2 Re6 33.axb5 axb5 34.Rf4 Rc5 35.b4 Rce5 36.c4 Rd6
37.Rf3 bxc4 38.Bxc4 Rd2+ 39.Kh3 Rd4 40.Ra3 h6 41.Ra8+ Kh7 42.Bxf7  1-0

[Event "Biel op"]
[Site "Biel"]
[Date "1992.??.??"]
[Round "6"]
[White "Ciric, Dragoljub M"]
[Black "Cebalo, Miso"]
[Result "1/2-1/2"]
[WhiteElo "2385"]
[BlackElo "2500"]

1.e4 c5 2.Nf3 e6 3.Nc3 Nc6 4.d4 cxd4 5.Nxd4 d6 6.g3 Nf6 7.Bg2 Bd7 8.O-O Be7
9.b3 a6 10.Nce2 Rc8 11.c4 b5 12.cxb5 Nxd4 13.Nxd4 axb5 14.Bb2 Qb6 15.Qd2 O-O
16.Ba3 Rfe8 17.Bb4 g6 18.Rfe1 Bf8 19.Rad1 Bg7 20.h3 h5 21.Ne2 Bc6 22.Nc3 Red8
23.Qe3 Qc7 24.Rd3 d5 25.exd5 Nxd5 26.Nxd5 Bxd5 27.Bxd5 exd5 28.Qf3  1/2-1/2

[Event "Bled op (Women)"]
[Site "Bled"]
[Date "1992.??.??"]
[Round "8"]
[White "Bazaj Bockai, Snjezana"]
[Black "Mihevc, Narcisa"]
[Result "0-1"]
[WhiteElo "2220"]
[BlackElo "2150"]

1.e4 c5 2.Nf3 Nc6 3.Nc3 e6 4.d4 cxd4 5.Nxd4 Nf6 6.Ndb5 d6 7.Bf4 e5 8.Bg5 a6
9.Na3 b5 10.Nd5 Be7 11.Bxf6 Bxf6 12.c3 Ne7 13.Nxf6+ gxf6 14.Nc2 d5 15.a4 bxa4
16.Rxa4 Rb8 17.Qa1 dxe4 18.Bxa6 Bxa6 19.Rxa6 f5 20.O-O O-O 21.Nb4 Qc8 22.Rd1 Kh8
23.Qa5 Ng6 24.Rc6 Qe8 25.Rc7 Rd8 26.Nd5 Qe6 27.c4 f4 28.Qe1 Qg4 29.h3 Qf5
30.Ra1 Rg8 31.Ne7 Nxe7 32.Rxe7 f3 33.g3 Qxh3 34.Qf1 Rxg3+ 35.fxg3 Qxg3+ 36.Kh1 Qh4+  0-1

[Event "Bogota m"]
[Site "Bogota"]
[Date "1992.??.??"]
[Round "3"]
[White "Garcia, Gildardo"]
[Black "Zapata, Alonso"]
[Result "0-1"]
[WhiteElo "2515"]
[BlackElo "2530"]

1.e4 c5 2.Nf3 e6 3.d4 cxd4 4.Nxd4 Nc6 5.Nc3 Qc7 6.Be3 a6 7.Bd3 Nf6 8.O-O Nxd4
9.Bxd4 Bc5 10.Bxf6 gxf6 11.Qg4 Kf8 12.Qh4 Qe5 13.Kh1 Qg5 14.Qh3 h5 15.Be2 Qf4
16.g3 Qh6 17.f4 b5 18.Rad1 Ra7 19.a3 Rc7 20.Rd3 Bb7 21.Qh4 Be7 22.f5 Qg5
23.Qxg5 fxg5 24.f6 Bd8 25.Kg1 Ke8 26.h4 g4 27.Rf4 Rc5 28.b4 Re5 29.Kf2 Rh6
30.Ke3 Rxf6 31.Rd1 Bb6+ 32.Kd3 Rg6 33.Rdf1 f5 34.a4 Bc6 35.axb5 axb5 36.Ra1 Bxe4+
37.Nxe4 Rd5+ 38.Kc3 Bd4+ 39.Kb3 Bxa1 40.Nc5 Be5 41.Rf1 Bxg3 42.Bxb5 Bxh4
43.c4 Rd2 44.Kc3 Rd6 45.Nd3 Bf6+ 46.Kc2 g3  0-1

[Event "Bogota m"]
[Site "Bogota"]
[Date "1992.??.??"]
[Round "5"]
[White "Garcia, Gildardo"]
[Black "Zapata, Alonso"]
[Result "1/2-1/2"]
[WhiteElo "2515"]
[BlackElo "2530"]

1.e4 c5 2.Nf3 e6 3.d4 cxd4 4.Nxd4 Nc6 5.Nc3 Qc7 6.Be2 Nf6 7.O-O a6 8.Kh1 d6
9.f4 Be7 10.Be3 O-O 11.a4 Rb8 12.Qe1 Bd7 13.Qg3 Nxd4 14.Bxd4 Bc6 15.e5 Ne8
16.Bd3 b5 17.axb5 axb5 18.exd6 Bxd6 19.Ne4 Bxe4 20.Bxe4 Bc5 21.Be5 Bd6 22.Rf3 b4
23.Bd4 Bc5 24.Be5 Bd6 25.Bd4 Bc5 26.Qh4 f5 27.Be5 Bd6 28.Bxd6 Qxd6 29.Bd3 Nf6
30.b3 Qd4 31.Qe1 Rb6 32.Rd1 Rd6 33.Be2 Qb6 34.Rxd6 Qxd6 35.Bc4 Ne4 36.h3 Ra8
37.Bd3 Qd4 38.Qe3 Qxe3 39.Rxe3 Nc5 40.Bc4 Kf8 41.Re5 Ne4 42.Bxe6 g6 43.Bd5 Ra5
44.Kg1 Nc3 45.Bc4 Rxe5 46.fxe5 Nd1 47.Be2 Ne3 48.Bd3 Ke7 49.Kf2 Nd5 50.Bc4 Ke6
51.Bxd5+ Kxd5 52.Ke3 g5 53.e6 Kxe6 54.Kd4 h5 55.c4 bxc3 56.Kxc3 Kd5 57.h4 g4
58.Kd3 f4 59.b4 Ke5 60.b5 Kd5 61.b6 Kc6 62.Ke4 f3 63.gxf3 gxf3 64.Kxf3 Kxb6
65.Kf4 Kc6 66.Kg5 Kd7 67.Kxh5 Ke7 68.Kg6 Kf8  1/2-1/2

[Event "Bogota Lat Cup"]
[Site "Bogota"]
[Date "1992.??.??"]
[Round "9"]
[White "Milos, Gilberto"]
[Black "Hernandez, Gilberto"]
[Result "1/2-1/2"]
[WhiteElo "2555"]
[BlackElo "2480"]

1.e4 c5 2.Nf3 e6 3.d4 cxd4 4.Nxd4 Nc6 5.Nc3 Qc7 6.f4 a6 7.Nxc6 Qxc6 8.Be2 b5
9.Bf3 Bb7 10.Be3 Rc8 11.e5 Qc7 12.O-O Nh6 13.Ne4 Be7 14.c3 O-O 15.Qe1 Bd5
16.Ng3 Bxf3 17.Rxf3 d6 18.Bd4 dxe5 19.Bxe5 Qc6  1/2-1/2

[Event "SWE-chB"]
[Site "Borlange"]
[Date "1992.??.??"]
[Round "6"]
[White "Hjelm, Niclas"]
[Black "Jonsson, Hans"]
[Result "1/2-1/2"]
[WhiteElo "2320"]
[BlackElo "2305"]

1.e4 c5 2.Nf3 e6 3.d4 cxd4 4.Nxd4 Nc6 5.Nc3 Be7 6.Be2 d6 7.Be3 Nf6 8.O-O O-O
9.f4 e5 10.Nxc6 bxc6 11.Kh1 Qa5 12.Qe1 Kh8 13.Bc4 Be6 14.Bb3 Ng4 15.f5 Nxe3
16.Qxe3 Bxb3 17.axb3 Qb6 18.Qd2 Rfd8 19.g4 f6 20.Rad1 Rd7 21.Qg2 Rad8 22.Rd3 Qb7
23.Rfd1 h6 24.h3  1/2-1/2

[Event "SWE-ch"]
[Site "Borlange"]
[Date "1992.??.??"]
[Round "11"]
[White "Degerman, Lars"]
[Black "Eriksson, Magnus"]
[Result "0-1"]
[WhiteElo "2460"]
[BlackElo "2350"]

1.e4 c5 2.Nf3 e6 3.d4 cxd4 4.Nxd4 Nc6 5.Nc3 d6 6.Be3 Nf6 7.Bc4 Be7 8.Bb3 O-O
9.f4 Nxd4 10.Bxd4 b5 11.e5 dxe5 12.fxe5 Nd7 13.Qf3 Rb8 14.Ne4 Bb7 15.O-O-O Qc7
16.Rhe1 a5 17.c3 Rbc8 18.Qh5 Bxe4 19.Rxe4 Nc5 20.Rg4 Rfd8 21.Bc2 g6 22.Rf1 Bf8
23.Qg5 b4 24.Qe3 bxc3 25.Bxc3 Na6 26.Bb3 Nb4 27.Rc4 Qb7 28.Rxc8 Rxc8 29.Qf3 Qxf3
30.Rxf3 Rc5 31.Kd1 Nc6 32.Rd3 h5 33.Ba4 Nb4 34.Rd8 Nxa2 35.Bd2 Kg7 36.Bb3 Nb4
37.Be3 Rb5 38.Bc4 Rb7 39.Ra8 Nc6 40.b3 Bb4 41.Kc2 Nxe5 42.Bd4 Kf6 43.h3 Kf5
44.Bxe5 Kxe5 45.Rd8 f5 46.Kd3 Kf6 47.Ke2 Rb6 48.h4 Rc6 49.Ra8 Rd6 50.Rf8+ Ke7
51.Rg8 Kf7 52.Ra8 Bc3 53.Kf3 Kf6 54.Rf8+ Ke7 55.Rg8 Kf7 56.Ra8 Be1 57.g3 Bd2
58.Ke2 Bb4 59.Kf3 Kf6 60.Rf8+ Ke5 61.Rg8 Rc6 62.Ra8 Kd4 63.Rd8+ Kc3 64.Rd3+ Kc2
65.Re3 e5 66.Rxe5 a4 67.Rb5 Bd2 68.Bf7 a3 69.b4 Rc3+ 70.Kf2 Kb2 71.Ra5 Rb3
72.Ra6 a2  0-1

[Event "SWE-chB"]
[Site "Borlange"]
[Date "1992.??.??"]
[Round "11"]
[White "Engstrom, Kaj"]
[Black "Eriksson, Anders"]
[Result "0-1"]
[WhiteElo "2260"]
[BlackElo "2270"]

1.e4 c5 2.Nf3 e6 3.d4 cxd4 4.Nxd4 Nc6 5.Nc3 a6 6.f4 Nge7 7.Be3 b5 8.a4 b4
9.Nce2 Bb7 10.Nb3 Ng6 11.Nc5 Bc8 12.Qd2 Be7 13.g3 Qc7 14.Nd3 Na5 15.b3 Bb7
16.Bg2 f5 17.Nd4 fxe4 18.Nxb4 O-O 19.O-O Bc5 20.Ne2 Bxe3+ 21.Qxe3 d5 22.Bh3 Qd6
23.Na2 e5 24.fxe5 Nxe5 25.Rad1 Nf3+ 26.Kh1 Rad8 27.Nac1 d4 28.Nxd4 Nxd4 29.Rxf8+ Qxf8  0-1

[Event "Brussels SWIFT rapid"]
[Site "Brussels"]
[Date "1992.??.??"]
[Round "?"]
[White "Short, Nigel D"]
[Black "Ribli, Zoltan"]
[Result "1/2-1/2"]
[WhiteElo "2685"]
[BlackElo "2595"]

1.e4 c5 2.Nc3 e6 3.Nf3 Nc6 4.d4 cxd4 5.Nxd4 Qc7 6.Be3 a6 7.Bd3 Nf6 8.O-O Ne5
9.h3 Bc5 10.Kh1 d6 11.f4 Ned7 12.a4 b6 13.Qe1 Bb7 14.Qg3 g6 15.Rae1 Nh5 16.Qf2 O-O
17.Nb3 Bxe3 18.Rxe3 e5 19.fxe5 dxe5 20.Nd2 Nc5 21.Bc4 Nf4 22.b3 Rad8 23.Kh2 Rd4
24.Rfe1 Kg7 25.Nf3 Rfd8 26.Qg3 f6 27.Nxd4 Rxd4 28.Qf2 Qd7 29.Qf1 Rd2 30.Rd1 Nxg2
31.Rxd2 Qxd2 32.Re2 Qxc3 33.Qxg2 h5 34.Bd5 Bxd5 35.exd5 e4 36.Qg3 Qd4 37.Qc7+ Kh6
38.Qf4+ g5 39.Qf5 h4 40.Kg2 Kg7 41.Rf2 a5 42.Re2  1/2-1/2

[Event "Bucaramanga"]
[Site "Bucaramanga"]
[Date "1992.??.??"]
[Round "5"]
[White "Hernandez, Gilberto"]
[Black "Zapata, Alonso"]
[Result "1/2-1/2"]
[WhiteElo "2495"]
[BlackElo "2515"]

1.e4 c5 2.Nf3 e6 3.d4 cxd4 4.Nxd4 Nc6 5.Nc3 Qc7 6.g3 d6 7.Bg2 Nxd4 8.Qxd4 Bd7
9.Bf4 Bc6 10.Qc4 Rc8 11.O-O a6 12.Rfe1 Ne7 13.Nd5 Qa5 14.Qb3 Ng6 15.Be3 Ne5
16.f4 Nd7 17.a4 Nc5 18.Qa3 Qd8 19.a5 Be7 20.Rad1 exd5 21.Bxc5  1/2-1/2

[Event "Spring op"]
[Site "Budapest"]
[Date "1992.??.??"]
[Round "?"]
[White "Tatar Kis, Szabolcs"]
[Black "Szabolcsi, Janos"]
[Result "0-1"]
[WhiteElo "2250"]
[BlackElo "2375"]

1.e4 c5 2.Nf3 e6 3.Nc3 Nc6 4.d4 cxd4 5.Nxd4 Qc7 6.Be2 a6 7.f4 b5 8.Nxc6 Qxc6
9.Bf3 Bb7 10.Be3 Rc8 11.Qd3 Qc4 12.O-O b4 13.Ne2 Nf6 14.Nd4 Be7 15.Rfc1 O-O
16.b3 Qc7 17.c4 bxc3 18.Bd2 Qb8 19.Bxc3 Qxf4 20.Ne2 Bc5+  0-1

[Event "Spring op"]
[Site "Budapest"]
[Date "1992.??.??"]
[Round "?"]
[White "Zimmersmann, Rita"]
[Black "Pogorelov, Ruslan"]
[Result "0-1"]
[WhiteElo "2255"]
[BlackElo "2385"]

1.e4 c5 2.Nf3 e6 3.d4 cxd4 4.Nxd4 Nc6 5.Nc3 d6 6.g3 Nf6 7.Bg2 Bd7 8.Ndb5 Qb8
9.Bf4 Ne5 10.a4 a6 11.Nd4 Qc7 12.O-O Rc8 13.Nce2 Be7 14.b3 Nc6 15.Bc1 Nxd4
16.Nxd4 Qc3 17.Rb1 b5 18.Bb2 Qa5 19.axb5 axb5 20.Rc1 O-O 21.Qe2 Qb6 22.Rfe1 Rfe8
23.e5 dxe5 24.Nf3 e4 25.Ne5 Red8 26.Ng4 Ne8 27.Red1 h5 28.Ne5 Nf6 29.g4 Be8
30.Bh3 Rxd1+ 31.Rxd1 Qc7 32.gxh5 Qxc2 33.Rd2 Qxb3 34.Kg2 Bb4 35.Ng4 Qf3+  0-1

[Event "Budapest Nuovo"]
[Site "Budapest"]
[Date "1992.??.??"]
[Round "1"]
[White "Cladouras, Panagiotis"]
[Black "Szabolcsi, Janos"]
[Result "1/2-1/2"]
[WhiteElo "2365"]
[BlackElo "2375"]

1.e4 c5 2.Nf3 e6 3.d4 cxd4 4.Nxd4 Nc6 5.Nc3 Qc7 6.f4 a6 7.Nf3 b5 8.Bd3 Bc5
9.Qe2 Nd4 10.Nxd4 Bxd4 11.Bd2 b4 12.Nd1 Rb8 13.Rc1 Qa7 14.c3 bxc3 15.Bxc3 Nf6
16.Bxd4 Qxd4 17.Rc4 Qb6 18.Qf2 Qxf2+ 19.Nxf2 d5 20.Rc2 Ke7 21.O-O dxe4 22.Bxe4 Rd8
23.g3 Bb7 24.Rc7+ Rd7 25.Rxd7+ Kxd7 26.Rd1+ Ke7 27.Bxb7 Rxb7 28.Rd2 Nd5  1/2-1/2

[Event "Budapest Nuovo"]
[Site "Budapest"]
[Date "1992.??.??"]
[Round "1"]
[White "Luther, Thomas"]
[Black "Fogarasi, Tibor"]
[Result "1/2-1/2"]
[WhiteElo "2490"]
[BlackElo "2455"]

1.e4 c5 2.Nf3 e6 3.d4 cxd4 4.Nxd4 Nc6 5.Nc3 Qc7 6.Be2 a6 7.O-O Nf6 8.Kh1 Nxd4
9.Qxd4 Bc5 10.Qd3 h5 11.f4 Ng4 12.e5 d6 13.exd6 Qxd6 14.Qxd6 Bxd6 15.Ne4 Be7
16.h3 Nf6 17.Bf3 Rb8 18.Be3 Bd7 19.Rad1 Bb5 20.Nxf6+ Bxf6 21.Rf2 h4 22.b3 O-O
23.a4 Bc6 24.Bxc6 bxc6 25.Rd6 Rfc8 26.Rfd2 e5 27.Kg1 exf4 28.Bxf4  1/2-1/2

[Event "Elekes mem"]
[Site "Budapest"]
[Date "1992.??.??"]
[Round "1"]
[White "Tseitlin, Mikhail S"]
[Black "Fogarasi, Tibor"]
[Result "1-0"]
[WhiteElo "2480"]
[BlackElo "2455"]

1.e4 c5 2.Nf3 e6 3.d4 cxd4 4.Nxd4 Nc6 5.Nc3 Qc7 6.f4 a6 7.Nxc6 bxc6 8.e5 d5
9.exd6 Bxd6 10.Qg4 f5 11.Qh5+ Kf8 12.Qf3 Nf6 13.Bc4 Kf7 14.O-O Re8 15.Bd2 Bd7
16.Rae1 g6 17.Nd1 Kg7 18.Bc3 e5 19.fxe5 Bxe5 20.Rxe5 Rxe5 21.Qf4 Qa7+ 22.Kh1 Re4
23.Bxf6+  1-0

[Event "Elekes mem"]
[Site "Budapest"]
[Date "1992.??.??"]
[Round "3"]
[White "Feher, Gyula"]
[Black "Fogarasi, Tibor"]
[Result "1/2-1/2"]
[WhiteElo "2405"]
[BlackElo "2455"]

1.e4 c5 2.Nf3 Nc6 3.Nc3 e6 4.d4 cxd4 5.Nxd4 Qc7 6.Be3 a6 7.Bd3 Nf6 8.O-O Ne5
9.h3 Bc5 10.Na4 Ba7 11.c4 d6 12.Rc1 Bd7 13.Nc3 O-O 14.b3 Qa5 15.a4 Bc5 16.Bb1 Qb6
17.Re1 Rfd8 18.Na2 Nc6 19.Nf3 Be8 20.Qc2 Rac8 21.Nc3 Nb4 22.Qb2 Bxe3 23.Rxe3 Nd7
24.Ne2 Nc6 25.Nfd4 Nce5 26.Qd2 Rc5 27.Kh1 Nc6 28.Rg3 Nxd4 29.Nxd4 Rdc8 30.Rd1 Nf8
31.f4 Qc7 32.f5 Qe7 33.Rf1 Qf6 34.Rd3 b5 35.axb5 axb5 36.Nxb5 Bxb5 37.cxb5 Rxb5
38.Rxd6 Rxb3 39.Qd4 Qxd4 40.Rxd4 Rcb8 41.Bd3  1/2-1/2

[Event "Budapest IM"]
[Site "Budapest"]
[Date "1992.??.??"]
[Round "3"]
[White "Hansen, Soren Bech"]
[Black "Kuntz, Pierre"]
[Result "0-1"]
[WhiteElo "2245"]
[BlackElo "2285"]

1.e4 c5 2.Nf3 e6 3.Nc3 Nc6 4.d4 cxd4 5.Nxd4 Nf6 6.Ndb5 d6 7.Bf4 e5 8.Bg5 a6
9.Na3 b5 10.Bxf6 gxf6 11.Nd5 Bg7 12.c3 f5 13.exf5 Bxf5 14.Nc2 Ne7 15.Nxe7 Bxc2
16.Qxc2 Qxe7 17.Bd3 e4 18.Be2 O-O 19.O-O d5 20.Qb3 Qc5 21.a4 bxa4 22.Rxa4 Rfb8
23.Qa2 a5 24.Rd1 d4 25.Rc4 Qb6 26.cxd4 Rd8 27.Qa4 Qxb2 28.Bh5 Qb7 29.Rc5 Qb4
30.Qa2 Ra7 31.Rd5 Rxd5 32.Qxd5 a4 33.Rc1 Qe7 34.Bd1 e3 35.Rc8+ Bf8 36.Qf3 exf2+
37.Kxf2 Qh4+ 38.Ke2 a3 39.Rc1 a2 40.Ra1 Qxd4 41.Qg3+ Qg7 42.Bb3 Ra3 43.Bxf7+ Kxf7
44.Rf1+ Ke6  0-1

[Event "Elekes mem"]
[Site "Budapest"]
[Date "1992.??.??"]
[Round "5"]
[White "Sievers, Stefan"]
[Black "Fogarasi, Tibor"]
[Result "1/2-1/2"]
[WhiteElo "2365"]
[BlackElo "2455"]

1.e4 c5 2.Nf3 e6 3.d4 cxd4 4.Nxd4 Nc6 5.Nc3 d6 6.Be3 Nf6 7.Be2 a6 8.Qd2 Be7
9.f4 Qc7 10.O-O-O Na5 11.e5 dxe5 12.fxe5 Nd5 13.Nf5 Nxe3 14.Nd6+ Bxd6 15.exd6 Qc5
16.d7+ Bxd7 17.Qxd7+ Kf8 18.Rd2 g6 19.Ne4 Qe5 20.Nd6 Qf6 21.Nxf7 Nac4 22.Bxc4 Nxc4
23.Qd4 Qxd4 24.Rxd4 Kxf7 25.Rxc4 Rac8 26.Rf1+ Ke7 27.Rcf4 b5 28.Rf7+ Kd6
29.Ra7 Rc6 30.Kd2 b4 31.Rf3 Ke5 32.c3 Rd8+ 33.Kc2 bxc3 34.Rxc3 Rcd6 35.b4 Rd2+
36.Kb3 Rxg2 37.Rxa6 Rdd2 38.h3 Rb2+ 39.Kc4 Rxa2 40.Re3+ Kf5 41.Raxe6 Rgc2+
42.Kb5 Ra8 43.Rc6 Rb8+ 44.Rb6 Rxb6+ 45.Kxb6 Kf4 46.Rb3 g5 47.b5 h5 48.Ka7 g4
49.hxg4 hxg4 50.b6 g3 51.Ka6 Rc6 52.Ka5 Rc8 53.b7 Rb8 54.Kb6 g2 55.Rb1 Kf3
56.Kc7 Rxb7+ 57.Kxb7 Kf2 58.Rb2+ Kf1 59.Kc6 g1=Q 60.Rb1+ Kg2 61.Rxg1+ Kxg1  1/2-1/2

[Event "Statisztika IM"]
[Site "Budapest"]
[Date "1992.??.??"]
[Round "7"]
[White "Foldi, Istvan"]
[Black "Fancsy, Imre"]
[Result "1-0"]
[WhiteElo "2325"]
[BlackElo "2310"]

1.e4 c5 2.Nf3 e6 3.d4 cxd4 4.Nxd4 Nc6 5.Nc3 Qc7 6.Be3 a6 7.Be2 Nf6 8.O-O Bb4
9.Na4 O-O 10.Nxc6 bxc6 11.Nb6 Rb8 12.Nxc8 Rfxc8 13.Bxa6 Rf8 14.Bd3 Bd6 15.g3 Be5
16.a4 Bxb2 17.Ra2 Qa5 18.Qe2 Bc3 19.Bf4 Rb7 20.Bd6 Ra8 21.Ra3 Ne8 22.Bf4 e5
23.Be3 Rab8 24.Ba6 Rb1 25.Qd3 Rxf1+ 26.Kxf1 Bb4 27.Rb3 Qxa4 28.Bc4 Bd6 29.Rxb8 Bxb8
30.Bxf7+ Kxf7 31.Qxd7+ Kf6 32.Qxe8 Bd6 33.Qd8+ Ke6 34.Qc8+ Kf7 35.Qf5+ Ke8
36.Qe6+ Be7 37.Bg5 Qb5+ 38.Kg2 Qc5 39.Bxe7 Qxe7 40.Qxc6+ Kf7 41.Qd5+  1-0

[Event "Budapest Nuovo"]
[Site "Budapest"]
[Date "1992.??.??"]
[Round "8"]
[White "Cladouras, Panagiotis"]
[Black "Horvath, Jozsef"]
[Result "1/2-1/2"]
[WhiteElo "2365"]
[BlackElo "2480"]

1.e4 c5 2.Nf3 e6 3.d4 cxd4 4.Nxd4 Nc6 5.Nc3 Qc7 6.f4 a6 7.Nf3 Bc5 8.Bd3 b5
9.Qe2 Nd4 10.Nxd4 Bxd4 11.Bd2 b4 12.Nd1 Rb8 13.Rc1 Qa7 14.c3 bxc3 15.Bxc3 Nf6
16.Bxd4 Qxd4 17.Rc4 Qb6 18.Qe3 Qa5+ 19.Nc3 O-O 20.Ra4 Qc7 21.Rc4 Qa5 22.Ra4 Qc7
23.Rc4 Qd8 24.e5 Ng4 25.Qe2 f5 26.b3 Bb7 27.h3 Qh4+ 28.Kf1 Nh6 29.Qf2 Qe7
30.Qc5 Qh4 31.Qf2 Qd8 32.Kg1 d6 33.exd6 Qxd6 34.Qd4 Qe7 35.Qe3 Rbd8 36.Ra4 Rd6
37.Rd4 Rxd4 38.Qxd4 Rd8 39.Qe3 Nf7 40.Bc4 Rd6 41.Kh2 g5  1/2-1/2

[Event "Donau Cup op"]
[Site "Budapest"]
[Date "1992.??.??"]
[Round "10"]
[White "Frolov, Artur"]
[Black "Polgar, Judit"]
[Result "1/2-1/2"]
[WhiteElo "2495"]
[BlackElo "2550"]

1.e4 c5 2.Nf3 e6 3.d4 cxd4 4.Nxd4 Nc6 5.Nc3 Qc7 6.Be3 a6 7.Qd2 b5 8.f3 Bb7
9.O-O-O Bb4 10.a3 Be7 11.Nxc6 Bxc6 12.Nd5 Bxd5 13.exd5 Rc8 14.dxe6 dxe6 15.Bf4 Qc6
16.Bd3 Nf6 17.Be5 Qd5 18.Rhe1 O-O 19.Kb1 Rfd8 20.Qg5 Qc5 21.c3 Rd5 22.Bc2 Rcd8
23.Rxd5 Rxd5 24.Qe3 Qxe3 25.Rxe3 Rd2 26.g4 Nd5 27.Rd3 Re2 28.Bg3 h5 29.gxh5 Bg5
30.Bb3 Nf4 31.Rd6 Nxh5 32.Rxa6 Re3 33.Rb6 Nxg3 34.Rxb5 Re1+ 35.Ka2 Nf5 36.Bc2 g6
37.a4 Be3 38.Bxf5 exf5 39.a5 Rf1 40.c4 Rxf3  1/2-1/2

[Event "Buenos Aires Najdorf qual"]
[Site "Buenos Aires"]
[Date "1992.??.??"]
[Round "1"]
[White "Szmetan, Jorge"]
[Black "Rodriguez, Jorge Luis"]
[Result "0-1"]
[WhiteElo "2400"]
[BlackElo "2300"]

1.Nf3 c5 2.e4 e6 3.d4 cxd4 4.Nxd4 Nc6 5.Nc3 a6 6.g3 d6 7.Bg2 Bd7 8.O-O Be7
9.Be3 Rc8 10.a4 Ne5 11.Kh1 Nf6 12.f4 Nc4 13.Bc1 Qc7 14.Ra2 h5 15.h3 Qb8 16.Qe2 Qa7
17.Nf3 h4 18.g4 Nxg4 19.hxg4 h3 20.Bxh3 Rxh3+ 21.Kg2 Rh8 22.b3 Ne5 23.Be3 Qb8
24.fxe5 Rxc3 25.Bd4 Rc8 26.c4 dxe5 27.Bxe5 Bd6 28.Bxd6 Qxd6 29.Qd2 Qxd2+
30.Rxd2 Bc6 31.e5 Ke7 32.Kg3 Rhd8 33.Nd4 Be8 34.g5 Rc5 35.Re1 b5 36.axb5 axb5
37.Nf3 bxc4 38.Rxd8 Kxd8 39.bxc4 Rxc4 40.Rd1+ Ke7 41.Nd4 Bd7 42.Rd2 Kf8 43.Ne2 Re4
44.Nf4 Bb5 45.g6 Rxe5 46.Rd8+ Be8 47.Rb8 Rb5 48.Ra8 e5 49.Nh3 f6 50.Nf2 Rd5
51.Ng4 f5 52.Nh2 Ke7 53.Nf3 Bxg6 54.Nh4 f4+ 55.Kg4 Bd3 56.Ra7+ Rd7 57.Ra5 Ke6
58.Kg5 Be4  0-1